| 000 | 01472nam a22002417a 4500 | ||
|---|---|---|---|
| 999 |
_c2326 _d2326 |
||
| 003 | AR-CdUCM | ||
| 008 | 190304b ||||| |||| 00| 0 spa d | ||
| 040 |
_aMUNICIPALIDAD PROVINCIAL DEL CUSCO _cBIBLIOTECA MUNICIPAL DEL CUSCO |
||
| 082 |
_a985.053 / _bC34R |
||
| 100 |
_aRegal, Alberto _98384 |
||
| 245 | _aCastilla educador / | ||
| 260 |
_aLima : _bInstituto Libertador Ramón Castilla, _c1969. |
||
| 300 |
_axiv,212 páginas ; _c25 cm, |
||
| 500 | _aAntes del título: La instrucción pública durante los gobiernos de Castilla | ||
| 505 | _aContenido: La enseñanza pública con anterioridad al primer gobierno de Castilla (1821-1844) -- Años iniciales del primer gobierno de Castilla (1845-47) -- Antecedentes del primer reglamento de instrucción pública, de junio de 1850, emitido por Castilla (1845-50) -- Escuelas y colegios nacionales en el primer gobierno de Castilla (1845-50) -- Los seminarios durante el primer gobierno de Castilla (1845-50) -- Las universidades en el primer gobierno de Castilla (1845-50) -- Texto del reglamento general de instrucción pública de 1850, del primer gobierno de Castilla -- Vigencia del primer reglamento de instrucción de Castilla ... | ||
| 650 |
_aRamón Castilla _98385 |
||
| 650 |
_aHistoria de la educación _98386 |
||
| 650 |
_aSiglo XX _98 |
||
| 700 |
_aMac-Lean y Estenós, Roberto (Prólogo) _98387 |
||
| 710 |
_aInstituto Libertador Ramón Castilla (Lima) _98388 |
||
| 942 |
_2ddc _cLIBROS |
||
| 945 | _araen | ||